The handbook of technical analysis : the practitioner's comprehensive guide to technical analysis /

Bibliographic Details
Main Author: Lim, Mark Andrew, (Author)
Format: eBook
Language:English
Published: Singapore : Wiley, 2016.
Series:Wiley trading series.
Subjects:
Online Access:Click to View
LEADER 01993nam a2200457 i 4500
001 EBC4035861
003 MiAaPQ
005 20200520144314.0
006 m o d |
007 cr cnu||||||||
008 151105t20162016si a ob 001 0 eng d
020 |z 9781118498910 
020 |a 9781118498927  |q (electronic bk.) 
020 |a 9781118498934  |q (electronic bk.) 
035 |a (MiAaPQ)EBC4035861 
035 |a (Au-PeEL)EBL4035861 
035 |a (CaPaEBR)ebr11110688 
035 |a (CaONFJC)MIL833074 
035 |a (OCoLC)898156030 
040 |a MiAaPQ  |b eng  |e rda  |e pn  |c MiAaPQ  |d MiAaPQ 
050 4 |a HG4529  |b .L56 2016 
082 0 |a 332.632042  |2 23 
100 1 |a Lim, Mark Andrew,  |e author. 
245 1 4 |a The handbook of technical analysis :  |b the practitioner's comprehensive guide to technical analysis /  |c Mark Andrew Lim. 
264 1 |a Singapore :  |b Wiley,  |c 2016. 
264 4 |c 2016 
300 |a 1 online resource (1,209 pages) :  |b illustrations. 
336 |a text  |2 rdacontent 
337 |a computer  |2 rdamedia 
338 |a online resource  |2 rdacarrier 
490 1 |a Wiley Trading Series 
504 |a Includes bibliographical references at the end of each chapters and index. 
588 |a Description based on online resource; title from PDF title page (ebrary, viewed November 5, 2015). 
590 |a Electronic reproduction. Ann Arbor, MI : ProQuest, 2015. Available via World Wide Web. Access may be limited to ProQuest affiliated libraries. 
650 0 |a Technical analysis (Investment analysis) 
650 0 |a Investment analysis. 
655 4 |a Electronic books. 
776 0 8 |i Print version:  |a Lim, Mark Andrew.  |t Handbook of technical analysis : the practitioner's comprehensive guide to technical analysis.  |d Singapore : Wiley, c2016   |h approximately 1209 pages   |k Wiley trading series.  |z 9781118498910 
797 2 |a ProQuest (Firm) 
830 0 |a Wiley trading series. 
856 4 0 |u https://ebookcentral.proquest.com/lib/matrademy/detail.action?docID=4035861  |z Click to View